000 01091namaa22003131i 4500
003 EG-GICUC
005 20260219114648.0
008 260219s2005 jo ||||jr|||| 000 0 ara d
017 _a2005 / 4 / 943
_bالمكتبة الوطنية (الاردن)
020 _a9957021826
040 _aEG-GiCUC
_bara
_cEG-GiCUC
_dEG-GiCUC
_erda
043 _aa----jo
082 0 4 _221
_a809
_bM267
092 0 4 _221
_a809
_bM267
099 _a809 M267
100 1 _aالمناصرة، عز الدين
_eمؤلف.
245 1 2 _aالنقد الثقافى المقارن :
_bمنظور جدلى تفكيكى /
_cعز الدين المناصرة
250 _aالطبعة الاولى
264 _aعمان (الاردن) :
_bدار مجدلاوى،
_c2005
300 _a746 صفحة ؛
_c24 سم
336 _2rdacontent
_atext
337 _2rdamedia
_aUnmediated
338 _2rdacarrier
_avolume
541 _aد. جابر عصفور ؛
_bالقاهرة ؛
_cإهداء ؛
_d2024.
650 1 7 _aالادب المقارن
_2qrmak
651 1 _2qrmak
905 _aNermeen
942 _2ddc
_cBK
_e21
_n0
999 _c178609
_d178609